Catalog

Record Details

Catalog Search



Radikální učedník  Cover Image Book Book

Radikální učedník / John Stott ; komentářem doprovodil Pavel Černý ; z anglického originálu The radical disciple: Wholehearted christian living ... přeložila Zuzana Kempná

Stott, John R. W., 1921-2011 (Author). Černý, Pavel, 1949- (Commentator for written text). Kempná, Zuzana (Translator).

Record details

  • ISBN: 978-80-87282-76-2
  • Physical Description: 193 stran ; 16 cm
  • Publisher: Praha : Biblion, 2021

Content descriptions

Bibliography, etc. Note:
Obsahuje bibliografické odkazy
Subject: křesťanský život
křesťanská víra
učednictví (křesťanský život)
Genre: pojednání

Available copies

  • 1 of 1 copy available at Common Catalog SPOK.

Holds

  • 0 current holds with 1 total copy.
Show Only Available Copies
Location Call Number / Copy Notes Barcode Shelving Location Status Due Date
ETS Library 248 424470019327 Volný výběr Available -

LDR 01752nam a2200481 i 4500
00150715
003CZ-PrJAB
00520211118064806.0
007ta
008211029s2021 xr e 000 0 cze d
015 . ‡acnb003377168
020 . ‡a978-80-87282-76-2 ‡q(vázáno) : ‡cKč 269.00
035 . ‡a(CZ PrSKC)1352428
040 . ‡aKLG001 ‡bcze ‡erda
0411 . ‡acze ‡heng
072 7. ‡a27-4 ‡xPraktická teologie. Morální teologie ‡2Konspekt ‡95
080 . ‡a27-4 ‡2MRF
080 . ‡a27-184.3 ‡2MRF
080 . ‡a27-4-5 ‡2MRF
080 . ‡a(049) ‡2MRF
08214. ‡a248
1001 . ‡aStott, John R. W., ‡d1921-2011 ‡7xx0009017 ‡4aut
24010. ‡aRadical disciple. ‡lČesky
24510. ‡aRadikální učedník / ‡cJohn Stott ; komentářem doprovodil Pavel Černý ; z anglického originálu The radical disciple: Wholehearted christian living ... přeložila Zuzana Kempná
264 1. ‡aPraha : ‡bBiblion, ‡c2021
300 . ‡a193 stran ; ‡c16 cm
336 . ‡atext ‡btxt ‡2rdacontent
337 . ‡abez média ‡bn ‡2rdamedia
338 . ‡asvazek ‡bnc ‡2rdacarrier
4901 . ‡aMalá edice klasiků ; ‡vsvazek 5
504 . ‡aObsahuje bibliografické odkazy
65007. ‡akřesťanský život ‡7ph122132 ‡2czenas
65007. ‡akřesťanská víra ‡7ph122113 ‡2czenas
65007. ‡aučednictví (křesťanský život) ‡7ph506472 ‡2czenas
655 7. ‡apojednání ‡7fd133056 ‡2czenas
7001 . ‡aČerný, Pavel, ‡d1949- ‡7jn20000403031 ‡4cwt
7001 . ‡aKempná, Zuzana ‡7xx0022239 ‡4trl
830 0. ‡aMalá edice klasiků
910 . ‡aABG450
995 . ‡aska
901 . ‡a50715 ‡bAUTOGEN ‡c50715 ‡tbiblio

Additional Resources